000 00941nam a2200205Ii 4500
003 JO-AjNU
008 230605s9999||||xx |||||||||||||| ||und||
040 _aJO-AjNU
_bara
_erda
_cJO-AjNU
041 _aara
050 1 4 _aHC462.9 .C4612 1995
100 3 _a بات شوت ؛ ترجمة أحمد عبد الله كساب، طلعت غنيم حسن؛اشراف رفعت سيد احمد,
_eauthor
_920009
245 0 0 _aالسادة الجدد : عملاء النفوذ وكيف سيطرت اليابان على النظام السياسي والاقتصاد الأمريكي
250 _aط1
264 3 1 _aالقاهرة:مكتبة المدبولي،1995
300 _a454ص
336 _atext
_btxt
_2rdacontent
337 _aunmediated
_bn
_2rdamedia
338 _avolume
_bnc
_2rdacarrier
650 4 _aاليابان- علاقات اقتصادية خارجية - الولايات المتحدة الأمريكية -اليابان
_920010
999 _aA6706
_c10274
_d10274